000 00721nam a2200241 i 4500
001 18871
003 ES-MaACL
005 20230906151937.0
007 t|
008 020405s1999 ag ||||1| spa d
020 _a950-557-272-7
080 _a159.947.2(04)
245 0 0 _aHijos de la libertad /
_cUlrich Beck (compilador).
250 _a[1ª ed. en español].
260 _aBuenos Aires :
_bFondo de Cultura Económica de Argentina,
_c1999.
300 _a381 p. ;
_c23 cm.
490 1 _aSección de obras de sociología
650 1 4 _aLibertad.
_914400
700 1 _aBeck, Ulrich.
_926929
830 0 _aSección de obras de sociología
_9179836
852 _aES-MaACL
_jL-25354
_bR.130764
999 _c18871
_d18871